11 titular Real Madrid Final UCL 2023/24 - Estadísticas

Estadísticas generales
  • Esta prueba ha sido intentada 132 veces
  • La puntuación promedio es 11 de 12
Estadísticas de respuestas
Hint Respuesta % Correcto
Portero Thibaut Courtois
99%
Lateral derecho Daniel Carvajal
97%
Delantero Vinícius Júnior
97%
Entrenador Carlo Ancelotti
96%
Delantero Rodrygo Goes
96%
Mediocentro Federico Valverde
94%
Lateral izquierdo Ferland Mendy
94%
Mediocentro Toni Kroos
94%
Central derecho Antonio Rudiger
93%
Mediocentro Eduardo Camavinga
91%
Mediocentro ofensivo Jude Bellingham
91%
Central izquierdo Nacho Fernández
82%
No se encontraron pruebas coincidentes
Distribución de puntuación
Porcentaje de gente con cada puntuación
Porcentaje por número respondido
Historial de tus puntuaciones
No has intentado esta prueba.